000 00297nam a2200121Ia 4500
008 190216s9999||||xx |||||||||||||| ||und||
100 _aBahl Bs&Amp; Arun Bahl
245 0 _aAdvanced Organic Chemistry
260 _bS Chand & Co
_c1989
300 _a1334p
650 _aChemistry
942 _cBK
999 _c2026
_d2026